|
|
|
|
| LEADER |
00000nam a2200000 a 4500 |
| 001 |
vtls010264960 |
| 003 |
SK-MaSNL |
| 005 |
20260301172959.0 |
| 008 |
180809s2010 xo a a 000 0 cze |
| 015 |
|
|
|a SNBA2012/07-03761
|
| 020 |
|
|
|a 9788071469759
|q (viaz.)
|
| 040 |
|
|
|a SNK
|b slo
|c SNK
|e AACR2
|
| 041 |
0 |
|
|a cze
|
| 044 |
|
|
|a xo
|c SK
|
| 072 |
|
7 |
|a 821-93
|x Literatúra pre deti a mládež (beletria)
|2 konspekt
|
| 080 |
|
|
|a 821-93
|2 2001
|
| 080 |
|
|
|a (0.025.2)
|2 2001
|
| 245 |
0 |
0 |
|a Barvy
|
| 250 |
|
|
|a 1. vyd.
|
| 260 |
|
|
|a Bratislava
|b Junior
|c 2010
|
| 300 |
|
|
|a [12] s.
|b ilustr.
|c 15 cm
|
| 490 |
1 |
|
|a Jupiter
|
| 500 |
|
|
|a Kartónové listy
|
| 521 |
|
|
|a Nevhodné pre deti do 3 rokov
|
| 655 |
|
7 |
|a leporelá
|2 SNKPH
|9 60414
|
| 655 |
|
7 |
|a publikácie pre deti
|2 SNKPH
|9 70148
|
| 830 |
|
0 |
|a Jupiter
|9 327214
|
| 919 |
|
|
|a 978-80-7146-975-9
|
| 958 |
|
|
|a DB
|
| 958 |
|
|
|a CZ
|
| 968 |
|
|
|d 0
|
| 999 |
|
|
|c 835366
|d 837296
|
| 952 |
|
|
|a SNK
|b SNK
|y PREZ
|7 0
|p 17A0691513
|o snkOSD 9554
|i snk2011/6280
|8 0
|0 0
|1 0
|4 0
|d 2011-03-18
|l 0
|r 2026-02-24 03:51:44
|w 2026-02-24
|
| 952 |
|
|
|a SNK
|b SNK
|y PREZ
|7 0
|p 17A0691512
|o snkOSD 9554 D1
|i snk2011/6282
|8 0
|0 0
|1 0
|4 0
|d 2011-03-18
|l 0
|r 2026-02-24 03:51:44
|w 2026-02-24
|